000 00845nam a2200265Ia 4500
005 20260121172750.0
008 008 260114s9999 xx 000 0 eng d
020 _a9789811624063
037 _aEBOOK
040 _aCRL
040 _beng
040 _cCRL
041 _2eng
041 _aeng
084 _qCRL
100 _aKhalid Isa, Zainah Md. Zain, Rosmiwati Mohd-Mokhtar, Maziyah Mat Noh, Zool H. Ismail, Ahmad Anas Yusof, Ahmad Faisal Mohamad Ayob, Syed Saad Azhar Ali, Herdawatie Abdul Kadir
_91092454
245 0 _aProceedings of the 12th National Technical Seminar on Unmanned System Technology 2020
260 _bSpringer
260 _bSpringer
260 _c2022
856 _uhttps://link.springer.com/openurl?genre=book&isbn=978-981-16-2406-3
942 _cEBOOK
999 _c1658194
_d1658194